000 00962cam a22002652 4500
001 0000020441
005 20151217152214.0
008 110916s xx 000 0 eng d
020 _a9966738495 :
040 _aKABU
_cKABU
100 1 _aChipeta, B. D.
_@0000181442
245 1 0 _aCriminal law and procedure :
_ba digest of cases /
_cB D. Chipeta.
250 _a1st ed.
260 _aNairobi :
_bLawAfrica,
_c2010.
300 _axxviii, 171 p.
650 0 _aCriminal law
_zTanzania.
_@0000181443
650 0 _aCriminall procedure
_zTanzania.
_@0000181444
852 1 _9p1465 KES
852 1 _9p1465 KES
852 1 _9p1465 KES
852 1 _9p1465 KES
852 1 _9p1465 KES
908 _a110916
950 _@1
999 _c9335
_d9335